000 00426cam a2200169ua 4500
020 _c1.00
041 _amal
_h
082 _a894.812308
_bNAM/VI
100 _aNambudiripad, O P .
245 _aVimanam /
_cO P Nambudiripad.
_hTextual Documents
260 _aKottayam :
_bSahitya Pravarthaka Co-operative Society ,
_c1964.
300 _a31 ; .
365 _a1.00
504 _a
942 _cBK
999 _c4848
_d4848